«Локомотив» Москва - Армагеддон - Statistics

General Stats
  • This quiz has been taken 13 times
  • The average score is 21 of 50
Answers on the Grid
Answers color-coded by a green-red scale on the quiz's grid according to % correct below.
Дмитрий Лоськов
Алексей Гуцуляк
Мацей Рыбус
Лассина Траоре
Олег Пашинин
Микаэль Исхак
Жуниор Мораес
Дмитрий Сенников
Андрей Пятов
Руслан Пименов
Хулиан Альварес
Матвей Кисляк
Владимир Маминов
Керем Актюркоглу
Андрей Соломатин
Даниил Фомин
Александер Сёрлот
Сергей Игнашевич
Гильерме Маринато
Рэзван Кочиш
Виктор Цыганков
Свен Мейнанс
Антон Миранчук
Габриэл Мартинелли
Дмитрий Тарасов
Сергей Гуренко
Александр Алиев
Георгий Мелкадзе
Игорь Чугайнов
Аруна Коне
Марлос
Дмитрий Торбинский
Сергей Ребров
Заза Джанашия
Юрий Дроздов
Данил Круговой
Марат Измайлов
Артём Довбик
Уинстон Паркс
Андрей Ярмоленко
Мануэл Фернандеш
Эдуард Сперцян
Матвей Сафонов
Сергей Овчинников
Дмитрий Хохлов
Андрей Лунёв
Евгений Селезнёв
Гжегож Крыховяк
Вадим Евсеев
Алекс Тейшейра
Исмаэль Бангура
Дмитрий Булыкин
Алексей Батраков
Бурак Йылмаз
Роман Шишкин
Вагнер Лав
Эмир Спахич
Виктор Соколов
Роберто Сольдадо
Валерий Петраков
Тарас Степаненко
Дмитрий Баринов
Фернандо Муслера
Евгений Коноплянка
Ренат Янбаев
Фелипе Кайседо
Максим Бориско
Александр Самедов
Бафетимби Гомиc
Руслан Нигматуллин
Кирилл Щетинин
Сергей Подпалый
Роман Яремчук
Эсекьель Барко
Виктор Ворошилов
Бранислав Иванович
Олег Гарин
Виктор Осимхен
Эльдор Шомуродов
Мубарак Буссуфа
Рустам Ятимов
Евгений Харлачёв
Родолфо
Петар Шкулетич
Ризван Уциев
Мирлинд Даку
Алексей Косолапов
Ведран Чорлука
Марко Девич
Валерий Бондарь
Мауро Икарди
Игорь Денисов
Джон Кордоба
Пабло Солари
Игорь Акинфеев
Денис Глушаков
Ян Дюрица
Тамерлан Мусаев
Дмитрий Сычёв
 
Answer Stats
Answer % Correct
Дмитрий Лоськов
82%
Алексей Батраков
82%
Дмитрий Тарасов
64%
Дмитрий Торбинский
64%
Ведран Чорлука
64%
Сергей Игнашевич
55%
Антон Миранчук
55%
Заза Джанашия
55%
Марат Измайлов
55%
Сергей Овчинников
55%
Дмитрий Булыкин
55%
Роман Шишкин
55%
Дмитрий Баринов
55%
Александр Самедов
55%
Бранислав Иванович
55%
Мубарак Буссуфа
55%
Дмитрий Сычёв
55%
Олег Пашинин
45%
Руслан Пименов
45%
Владимир Маминов
45%
Игорь Чугайнов
45%
Вадим Евсеев
45%
Ренат Янбаев
45%
Руслан Нигматуллин
45%
Игорь Денисов
45%
Ян Дюрица
45%
Мацей Рыбус
36%
Дмитрий Сенников
36%
Андрей Соломатин
36%
Гильерме Маринато
36%
Сергей Гуренко
36%
Мануэл Фернандеш
36%
Дмитрий Хохлов
36%
Эмир Спахич
36%
Олег Гарин
36%
Родолфо
36%
Денис Глушаков
36%
Александр Алиев
27%
Юрий Дроздов
27%
Гжегож Крыховяк
27%
Фелипе Кайседо
27%
Евгений Харлачёв
27%
Алексей Косолапов
27%
Рэзван Кочиш
18%
Уинстон Паркс
18%
Петар Шкулетич
18%
Валерий Петраков
9%
Сергей Подпалый
9%
Виктор Ворошилов
9%
Виктор Соколов
0%
No matching quizzes found
Score Distribution
Percent of People with Each Score
Percentile by Number Answered
Your Score History
You have not taken this quiz